<?xml version="1.0" encoding="UTF-8"?>
<collection xmlns="http://www.loc.gov/MARC21/slim">
  <record>
    <leader>00000nam  2200000   4500</leader>
    <controlfield tag="001">INLIS000000000001727</controlfield>
    <controlfield tag="005">20180724142943</controlfield>
    <controlfield tag="008">180724|||||||||   |   |||   |||| ||   | </controlfield>
    <datafield tag="035" ind1=" " ind2=" ">
      <subfield code="0">010-0718001727</subfield>
    </datafield>
    <datafield tag="041" ind1=" " ind2=" ">
      <subfield code="a">id</subfield>
    </datafield>
    <datafield tag="082" ind1=" " ind2=" ">
      <subfield code="a">R. 048</subfield>
    </datafield>
    <datafield tag="090" ind1=" " ind2=" ">
      <subfield code="a">R. 048 PIM I</subfield>
    </datafield>
    <datafield tag="100" ind1=" " ind2=" ">
      <subfield code="a">Setiadi Doddy</subfield>
    </datafield>
    <datafield tag="245" ind1=" " ind2=" ">
      <subfield code="a">Pengawasan Yang Efektif Dalam Rangka Peningkatan Penerimaan Negara Dan Daerah Dengan Pengintegrasian Data Dan Informasi Pajak Daerah Denga Data Dan Informasi Pajak Pusat</subfield>
    </datafield>
    <datafield tag="260" ind1=" " ind2=" ">
      <subfield code="a">Jakarta</subfield>
      <subfield code="b">LAN Jakarta</subfield>
      <subfield code="c">2016</subfield>
    </datafield>
    <datafield tag="300" ind1=" " ind2=" ">
      <subfield code="a">iii, 50 hlm., Ilus, 30 cm</subfield>
    </datafield>
    <datafield tag="500" ind1=" " ind2=" ">
      <subfield code="a">Melalui upaya perubahan ini diharapkan baik dalam jangka pendek, menengah, dan jangka panjang akan terwujud peningkatan penerimaan negara dan daerah dari waktu ke waktu; makin diminimalkannya kebocoran penerimaan pajak (baik pajak pusat dan daerah); dijalankannya regulasi yang ada dengan konsekuen dan mendorong dibuatnya regulasi yang memperkuatnya; penjaringan potensi pajak dengan melakukan kesinergian antara pengelola pajak pusat dan daerah.  Selanjutnya dari pengawasan yang dilakukan, diharapkan adanya kebijakan yang memungkinkan adanya tata kelola baru yang lebih efektif baik di pusat maupun di daerah di dalam pengelolaan data perpajakan sebagai hasil masukan atau rekomendasi dari pelaksanaan pengawasan yang dilakukan.</subfield>
    </datafield>
    <datafield tag="650" ind1=" " ind2=" ">
      <subfield code="a">Informasi Pajak</subfield>
    </datafield>
  </record>
</collection>
